Statistics for Flag Of B

Click here to take the quiz!

General Stats

  • This quiz has been taken 7 times
  • The average score is 16 of 17

Answer Stats

Answer% Correct
Bahamas
100%
Bahrain
100%
Barbados
100%
Belgium
100%
Benin
100%
Bhutan
100%
Bosnia and Herzegovina
100%
Botswana
100%
Brazil
100%
Bulgaria
100%
Burundi
100%
Bangladesh
80%
Belarus
80%
Belize
80%
Bolivia
80%
Burkina Faso
80%
Brunei
60%

Score Distribution

Percentile by Number Answered

Percent of People with Each Score

Your Score History

You have not taken this quiz